| 000 | 01253cam a22003377a 4500 | ||
|---|---|---|---|
| 003 | CHAP | ||
| 005 | 20220329142309.0 | ||
| 008 | 000523d2000 mx a r 00110 spa d | ||
| 010 | _a81234 | ||
| 011 | _a82206 | ||
| 035 | _a92694 | ||
| 040 | _cCHAP | ||
| 090 | _aTesis | ||
| 100 | 0 | 0 |
_aMartínez Rodríguez Antelmo. _972460 |
| 245 | 1 | 0 |
_aEstrategias para el combate de virosis en tomate de cáscara (Physalis ixocarpa Brot) en Chapingo, Méx. _c/por Antelmo Martínez Rodríguez |
| 260 |
_aChapingo, Méx. : _bEl autor, _c2000. |
||
| 300 |
_a63 h. : _bilus. ; gráfs. |
||
| 502 | _aTesis (Ing. Agr. Esp. en Parasitología Agrícola) -- UACH. Departamento de Parasitología Agrícola | ||
| 590 |
_aALEPH _b10 _c20130110 _lUCH01 _h1435 |
||
| 590 |
_aBATCH-UPD _b10 _c20130110 _lUCH01 _h0702 |
||
| 590 |
_aBATCH-UPD _b10 _c20130410 _lUCH01 _h0347 |
||
| 590 |
_aBATCH-UPD _b10 _c20130914 _lUCH01 _h1801 |
||
| 590 |
_aCONVERSION _b10 _c20130109 _lUCH01 _h1345 |
||
| 650 | 1 | 4 |
_aPesticidas. _987536 |
| 650 | 1 | 4 |
_aTomate verde _xEnfermedades por virus. _9113812 |
| 901 | _aBK | ||
| 905 | _aBlanca M. García O. | ||
| 942 | _cFOLL | ||
| 949 |
_aTesis _bBC _cTES _d33724000781662 _eTS2 _fc.2 _h36313 _i92694 _si |
||
| 949 |
_aTesis _bBC _cTES _d926941 _eTS1 _h36312 _i92694 _sb |
||
| 999 |
_c81234 _d81234 |
||